Normal view
MARC view
- الجامعات والكليات-الأردن-كتب سنوية-جامعة اليرموك
Entry Topical Term
001 - CONTROL NUMBER
- control field: 45904
003 - CONTROL NUMBER IDENTIFIER
- control field: JO-AjAnu
005 - DATE AND TIME OF LATEST TRANSACTION
- control field: 20230606081605.0
008 - FIXED-LENGTH DATA ELEMENTS
- fixed length control field: 230606|| aca||aabn | a|a d
040 ## - CATALOGING SOURCE
- Original cataloging agency: JO-AjAnu
- Transcribing agency: JO-AjAnu
150 ## - HEADING--TOPICAL TERM
- Topical term or geographic name entry element: الجامعات والكليات-الأردن-كتب سنوية-جامعة اليرموك
670 ## - SOURCE DATA FOUND
- Source citation: Work cat.: (JO-AjAnu)23499: جامعة اليرموك, author 45903, السنابل 2001 الكتاب السنوي الثاني والعشرون لجامعة اليرموك